| 000 | 00510nam a2200193Ia 4500 | ||
|---|---|---|---|
| 005 | 20260429112103.0 | ||
| 008 | 260429s9999||||xx |||||||||||||| ||und|| | ||
| 020 | _a9788126938179 | ||
| 041 | _aEnglish | ||
| 082 |
_a330.9340 _bBAN |
||
| 100 | _aBanerjee, Rama Prosad | ||
| 245 | 0 |
_aVedic economy / _cRama Prosad Banerjee |
|
| 250 | _a1st ed. | ||
| 260 |
_aNew Delhi : _bAtlantic Publishers and Distributors, _c2025. |
||
| 300 | _axi, 637 p.; hb | ||
| 650 | _a Vedic | ||
| 650 | _aEconomy | ||
| 942 | _cTB | ||
| 999 |
_c52279 _d52279 |
||